000 00756nam a2200217Ia 4500
003 OSt
005 20250908123810.0
008 220922b |||||||| |||| 00| 0 hin d
037 _cTB
040 _aARTS
_cARTS
_bhin
041 _2hin
_ahin
084 _aO152,6N41w N8
_qAL
100 _aपाण्डेय, मैनेजर
_9820257
245 0 _aमेरे साक्षात्कार
246 _aMere sākṣhātkāra
260 _aनयी दिल्ली
_b किताबघर
_c1998
300 _a164पृ.
_ccm.
490 _aमेरे साक्षात्कार सीरीज़
942 _hO152,6N41w N8
_cTB
_2CC
_n0
999 _c370177
_d370177